[Event "Fagernes GM-A 2019"]
[Site "Fagernes"]
[Date "2019.04.17"]
[Round "5.2"]
[White "Romanov, Evgeny"]
[Black "Vovk, Andriy"]
[Result "1/2-1/2"]
[WhiteElo "2576"]
[BlackElo "2616"]
[Annotator "TA"]
[PlyCount "55"]
[EventDate "2019.04.14"]
[EventType "tourn"]
[EventCountry "NOR"]
[SourceTitle "playchess.com"]
[Source "ChessBase"]
[SourceQuality "1"]

{[%evp 18,55,20,37,74,59,80,70,75,78,79,35,77,60,78,57,75,68,91,54,65,51,133,121,127,120,99,87,76,80,77,71,81,51,58,52,46,37,45,37]} 1. d4 Nf6 2. c4 g6 3. Nc3 Bg7 4. e4 d6 5. h3 O-O 6. Bg5 c5 7. d5 h6 8. Be3 e6 9. Bd3 exd5 10. exd5 Re8 {E71: King's Indian: 4 e4 d6 5 h3} (10... a6 11. Qd2 Re8 12. Nge2 Kh7 13. a4 b6 14. O-O Ra7 15. f4 Rae7 16. Bf2 Nbd7 17. Rae1 Kh8 18. b3 {1-0 (44) Bruzon Batista,L (2659)-Martinez Romero,M (2402) Bilbao 2015}) 11. Nf3 Na6 12. O-O Nc7 13. Qd2 Kh7 14. a4 b6 {[#]} 15. Rae1 $146 {[%mdl 2048] Black is under pressure.} ({Predecessor:} 15. Rfe1 a6 16. Red1 Rb8 17. Bf4 Qe7 18. Rab1 {1-0 (40) Nogueiras Santiago,J (2535)-Hua,L (2235) Quebec 1997}) 15... a6 16. Bf4 Rxe1 17. Rxe1 Rb8 18. Qe3 {Threatens to win with Qe7.} Bf8 19. Bg3 Qd7 (19... b5 $14) 20. Nd2 Bb7 21. Qf3 Kg7 22. Nde4 Nxe4 23. Nxe4 f5 24. Nc3 Re8 25. Rxe8 Qxe8 {White is slightly better.} 26. Kf1 Qe7 27. h4 h5 $1 28. Qe2 {Accuracy: White = 60%, Black = 48%.} 1/2-1/2

[Event "Fagernes GM-A 2019"]
[Site "Fagernes"]
[Date "2019.04.17"]
[Round "5.3"]
[White "Postny, Evgeny"]
[Black "Blomqvist, Erik"]
[Result "1/2-1/2"]
[WhiteElo "2612"]
[BlackElo "2496"]
[Annotator "TA"]
[PlyCount "81"]
[EventDate "2019.04.14"]
[EventType "tourn"]
[EventCountry "NOR"]
[SourceTitle "playchess.com"]
[Source "ChessBase"]
[SourceQuality "1"]

{[%evp 10,81,20,19,32,27,34,12,37,29,31,23,70,0,0,0,5,-6,19,-14,-6,0,17,7,8,0,0,0,0,0,0,-17,-18,-26,0,0,0,0,0,0,0,0,0,0,20,22,28,24,66,59,55,0,0,0,41,43,127,71,98,75,93,97,71,15,15,0,0,0,0,0,0,0,0,0]} 1. d4 Nf6 2. c4 e6 3. Nf3 Bb4+ 4. Nbd2 O-O 5. a3 Be7 6. e4 d6 {E11: Bogo-Indian} (6... d5 7. e5 Nfd7 8. Bd3 c5 9. h4 g6 10. O-O Nc6 11. Nb3 dxc4 12. Bxc4 cxd4 13. Re1 a5 14. Bh6 Re8 15. Rc1 Nb6 {1-0 (39) Ding,L (2804)-Saric,I (2689) Batumi 2018}) 7. Be2 Nfd7 8. b4 e5 9. d5 a5 10. Bb2 c5 11. dxc6 (11. b5 $14) 11... Nxc6 $11 12. Bc3 Qc7 $146 ({Predecessor:} 12... Nf6 13. O-O b6 14. Qc2 Bb7 15. Rad1 Qc7 16. Rfe1 Nd8 17. Bf1 Ne6 18. Qb2 {½-½ (18) Rezan,S (2443)-Dizdarevic,E (2455) Sibenik 2016}) 13. O-O b6 14. Qb3 Bb7 15. Rfc1 Rfc8 16. Nf1 Nd8 {[%cal Bc6d8,Bd8e6,Be6f4][%mdl 32]} 17. Bd3 Ne6 18. Ne3 Nf4 19. Bb2 Qb8 20. Nd5 (20. Nd2 {looks sharper.} Nf6 21. g3 Nxd3 22. Qxd3 Qc7 23. Nd5) 20... Bxd5 $1 21. cxd5 Nxd3 (21... Rxc1+ {feels hotter.} 22. Rxc1 axb4 23. axb4 Nc5 24. bxc5 bxc5 25. Rc3 Nxd3 26. Rxd3 c4) 22. Qxd3 axb4 23. axb4 Rxa1 24. Rxa1 b5 25. Rc1 Rxc1+ 26. Bxc1 f5 27. exf5 Qb7 28. Bg5 Kf8 29. h4 $36 {[%mdl 2048] White has some pressure.} h6 30. f6 ({White should play} 30. Bxe7+ $1 $14 Kxe7 31. g4) 30... Bxf6 31. Qf5 $1 Qc7 32. Be3 Ke7 (32... Ke8 $1 $14) 33. g4 (33. Qe6+ $142 Kf8 34. g4) 33... Kd8 $16 34. g5 hxg5 35. hxg5 Be7 36. Nd2 (36. Qd3 $16) 36... Qc3 $11 {The position is equal.} 37. Qb1 Kc7 38. Qg6 Qxb4 39. Qxg7 Qg4+ 40. Kf1 Qd1+ 41. Kg2 {Accuracy: White = 62%, Black = 70%.} 1/2-1/2

[Event "Fagernes GM-A 2019"]
[Site "Fagernes"]
[Date "2019.04.17"]
[Round "5.4"]
[White "Galinsky, Timofey"]
[Black "Turov, Maxim"]
[Result "1/2-1/2"]
[WhiteElo "2378"]
[BlackElo "2584"]
[Annotator "TA"]
[PlyCount "36"]
[EventDate "2019.04.14"]
[EventType "tourn"]
[EventCountry "NOR"]
[SourceTitle "playchess.com"]
[Source "ChessBase"]
[SourceQuality "1"]

{[%evp 17,36,-2,-6,-27,-18,-14,-2,-12,-22,-33,-43,-48,-28,-33,-27,-36,-20,-23,11,0,0]} 1. d4 Nf6 2. Nf3 g6 3. c3 Bg7 4. Bg5 O-O 5. Nbd2 d6 6. e4 h6 7. Bh4 c5 8. dxc5 dxc5 9. Bc4 Nc6 10. O-O {A48: 1 d4 Nf6 2 Nf3 g6: Torre, London and Colle Systems} Nh5 11. Re1 Qc7 12. Qe2 Na5 13. Bg3 $146 ({Predecessor:} 13. Bb5 a6 14. Ba4 b5 15. Bc2 e5 16. Red1 Bg4 17. a4 c4 18. axb5 axb5 19. Bg3 {0-1 (41) Golubov,S (2492)-Kovalev,V (2598) Moscow 2017}) 13... Nxg3 14. hxg3 Nxc4 15. Nxc4 b6 16. Rad1 Ba6 17. e5 e6 18. Qe4 Bxc4 1/2-1/2

[Event "Fagernes GM-A 2019"]
[Site "Fagernes"]
[Date "2019.04.17"]
[Round "5.5"]
[White "Efroimski, Marsel"]
[Black "Urkedal, Frode Olav Olsen"]
[Result "0-1"]
[WhiteElo "2287"]
[BlackElo "2513"]
[Annotator "TA"]
[PlyCount "92"]
[EventDate "2019.04.14"]
[EventType "tourn"]
[EventCountry "NOR"]
[SourceTitle "playchess.com"]
[Source "ChessBase"]
[SourceQuality "1"]

{[%evp 14,92,0,0,0,4,13,0,12,11,13,-31,-33,-28,-28,-26,-23,-31,-41,-46,-38,-37,-19,-46,-47,-82,-79,-81,-81,-88,-86,-91,-91,-136,-85,-96,-11,-12,-4,-4,-4,-4,-4,-4,0,0,0,0,0,0,0,0,0,0,0,0,0,-5,-5,-71,-64,-62,-66,-364,-357,-350,-342,-268,-271,-350,-282,-322,-322,-397,-395,-386,-314,-29978,-29980,-29988,-29989]} 1. e4 e5 2. Nf3 Nc6 3. Nc3 Nf6 4. Bb5 Bc5 5. O-O O-O 6. Nxe5 Nxe5 7. d4 Bd6 8. f4 Nc6 {C48: Four Knights: 4 Bb5, replies other than 4...Bb4} (8... Neg4 9. e5 Bb4 10. f5 Re8 11. Nd5 Nxe5 12. Nxb4 Nc6 13. a3 a6 14. Bd3 a5 15. Nxc6 dxc6 16. c3 {½-½ (30) Kovalev,V (2664)-Aronian,L (2780) Batumi 2018}) 9. e5 {[%mdl 64] [#] Double Attack} Be7 10. d5 Nb4 {The position is equal.} 11. exf6 Bxf6 12. a3 Bxc3 13. bxc3 Nxd5 {[%mdl 64] Remove Defender, Decoy} 14. Qxd5 {Bd3 is the strong threat.} c6 $36 {[%mdl 2112] Double Attack. White is under pressure.} 15. Qd4 {aiming for Bd3.} cxb5 16. f5 f6 $146 17. Qd5+ Rf7 18. Bf4 {Black must now prevent Rae1.} Qb6+ 19. Kh1 Qc6 20. Rad1 b6 21. Qxc6 dxc6 22. Rd8+ Rf8 23. Rxf8+ Kxf8 $17 {[%mdl 4096] Endgame KRB-KRB} 24. g4 Kf7 ({Black should play} 24... g6 $17 25. fxg6 hxg6) 25. Rd1 $11 h5 26. h3 hxg4 27. hxg4 c5 {Hoping for ...g6.} 28. Kh2 g6 29. Rd8 gxf5 30. gxf5 Ke7 31. Rh8 a5 {[%cal Ba7a5,Ba5a4,Ba4a3][%mdl 32]} 32. Rh7+ Ke8 33. Kg3 b4 34. cxb4 cxb4 35. axb4 a4 36. Bd6 (36. Rh8+ $11 {remains equal.} Kf7 37. Be3) 36... a3 37. Re7+ Kd8 {Strongly threatening ...a2.} 38. Re1 $2 {[%mdl 8192]} (38. Rg7 $15) 38... Bxf5 $19 39. Be7+ {[#]} Kd7 $1 40. Bxf6 Bxc2 41. Rc1 Bg6 42. Bd4 a2 43. Kf2 Ra4 44. Bc3 Bb1 45. Ke3 $2 (45. b5 $19) 45... Ra3 46. Kd4 Rxc3 {[%mdl 64] Remove Defender, Promotion. Accuracy: White = 37%, Black = 69%.} 0-1

[Event "Fagernes GM-A 2019"]
[Site "Fagernes"]
[Date "2019.04.17"]
[Round "5.6"]
[White "Hobber, Anders"]
[Black "Mikalsen, Erlend"]
[Result "1/2-1/2"]
[WhiteElo "2295"]
[BlackElo "2397"]
[Annotator "TA"]
[PlyCount "64"]
[EventDate "2019.04.14"]
[EventType "tourn"]
[EventCountry "NOR"]
[SourceTitle "playchess.com"]
[Source "ChessBase"]
[SourceQuality "1"]

{[%evp 9,64,10,2,0,10,8,11,0,0,0,2,-8,0,0,0,0,0,0,0,0,36,3,54,48,64,52,57,57,57,56,62,53,64,48,63,32,118,104,133,73,206,174,191,188,148,135,127,134,140,118,93,35,60,26,31,27,38]} 1. d4 Nf6 2. Bf4 b6 (2... d5 3. e3 c5 4. c3 Nc6 5. Nd2 Qb6 6. Qb3 Nh5 7. Qxb6 axb6 8. Bc7 cxd4 9. exd4 e5 10. Bxe5 Nxe5 11. dxe5 Bc5 12. g3 O-O {1-0 (76) Aronian,L (2765)-Caruana,F (2832) London 2018}) 3. e3 Bb7 4. h3 g6 5. Nf3 Bg7 6. Be2 {A45: Trompowsky Attack} d6 7. O-O Nbd7 8. a4 {The position is equal.} a5 9. c3 O-O 10. Bh2 Ne4 $146 ({Predecessor:} 10... e6 11. Nfd2 Re8 12. Bf3 d5 13. c4 e5 14. Nc3 c6 15. cxd5 Nxd5 16. Nde4 Qe7 17. Nxd5 cxd5 {0-1 (65) Grachev,B (2683)-Inarkiev,E (2680) Khanty-Mansiysk 2013}) 11. Nfd2 Nxd2 12. Nxd2 e5 13. Bf3 d5 14. Qb3 e4 15. Be2 c5 (15... Re8 $11) 16. Bd6 $36 {[%mdl 2048] White is more active.} c4 17. Qa3 Re8 18. b3 cxb3 19. Qxb3 Rc8 20. Bb5 Re6 21. Bh2 Nf6 22. c4 g5 ({Black should try} 22... dxc4 $14 23. Nxc4 (23. Bxc4 Bd5 $11) 23... Nd5) 23. Rfc1 g4 24. h4 (24. hxg4 $142 Nxg4 25. Bg3) 24... Nh5 (24... dxc4 $16 {might work better.} 25. Nxc4 (25. Rxc4 Nd5 $16) 25... Nd5) 25. cxd5 $18 Rxc1+ 26. Rxc1 Bxd5 27. Bc7 Qxc7 28. Rxc7 Bxb3 29. Nxb3 g3 30. Rc6 ({Better is} 30. Rc8+ $16 Bf8 31. Nd2) 30... Rf6 31. fxg3 {Strongly threatening Rc8+.} Nxg3 32. Nd2 h5 {Accuracy: White = 69%, Black = 35%.} 1/2-1/2

[Event "Fagernes GM-A 2019"]
[Site "Fagernes"]
[Date "2019.04.17"]
[Round "5.7"]
[White "Vestby-Ellingsen, Mads"]
[Black "Vorobiov, Evgeny E."]
[Result "1-0"]
[WhiteElo "2333"]
[BlackElo "2565"]
[Annotator "TA"]
[PlyCount "63"]
[EventDate "2019.04.14"]
[EventType "tourn"]
[EventCountry "NOR"]
[SourceTitle "playchess.com"]
[Source "ChessBase"]
[SourceQuality "1"]

{[%evp 13,63,7,25,20,30,6,4,17,62,0,56,72,133,122,85,0,0,0,0,0,14,12,57,46,60,20,40,25,16,28,375,387,388,390,375,379,856,812,1188,1186,1160,1091,973,0,562,324,930,895,29981,29979,29983,29983]} 1. d4 Nf6 2. Bg5 c5 3. d5 Qb6 4. Nc3 Qxb2 5. Bd2 Qb6 6. e4 d6 7. f4 e6 8. Rb1 {A45: Trompowsky Attack} Qd8 (8... Qc7 9. Bb5+ Bd7 10. Nf3 Be7 11. dxe6 fxe6 12. Ng5 Nc6 13. f5 exf5 14. exf5 Nd4 15. O-O d5 {½-½ (50) Swinkels,R (2493)-Durarbayli,V (2614) Bilbao 2014}) 9. Bb5+ Bd7 10. dxe6 {The position is equal.} fxe6 11. e5 (11. Nf3 $14) 11... dxe5 ({Black should try} 11... Bxb5 $1 $11 12. Rxb5 dxe5) 12. fxe5 $14 Bxb5 $146 (12... Nd5 $142) ({Predecessor:} 12... Nd5 13. Qg4 Nc6 14. Nf3 Nxc3 15. Bxc3 Qc7 {0-1 (61) Hebden,M (2469)-Karthik,V (2310) Hastings 2015}) 13. exf6 $16 ({Reject} 13. Rxb5 $6 Nd5 $11) 13... Bc6 14. fxg7 (14. Qh5+ $16 g6 15. Qe5) 14... Bxg7 $11 15. Qh5+ Kd7 16. Nf3 $36 {[%mdl 2048] White is pushing.} Kc8 17. O-O Nd7 18. Nb5 {[%mdl 1024] White has compensation.} Rg8 19. Rf2 a6 20. Nd6+ Kb8 $1 21. Be3 Kc7 $2 {[%mdl 8192] [#]} (21... Bf6 $11 {and Black stays safe.}) 22. Bf4 $1 $18 {Strongly threatening Nxb7+.} e5 23. Nxe5 Bxe5 24. Bxe5 Qe7 $2 (24... Nxe5 $2 25. Qxe5 Qd7 26. Rf7 $18) (24... Rg5) 25. Bf4 {And now Nf5+ would win.} Qe6 26. Nxb7+ Kc8 27. Nd6+ Kc7 28. Nb7+ Kc8 29. Nxc5 Qxa2 $2 (29... Nxc5 30. Qxc5 Qd5 31. Qxd5 (31. Qc3 $2 Rxg2+ 32. Kf1 Rg1+ 33. Ke2 Rxb1 $19) 31... Bxd5) 30. Rd1 {Hoping for Nxd7.} Qc4 {[#]} 31. Rxd7 $1 {[%mdl 512]} Bxd7 32. Qe5 {Accuracy: White = 63%, Black = 22%.} 1-0

[Event "Fagernes GM-A 2019"]
[Site "Fagernes"]
[Date "2019.04.17"]
[Round "5.8"]
[White "Hauge, Lars Oskar"]
[Black "Mihajlov, Sebastian"]
[Result "1-0"]
[WhiteElo "2472"]
[BlackElo "2361"]
[Annotator "TA"]
[PlyCount "97"]
[EventDate "2019.04.14"]
[EventType "tourn"]
[EventCountry "NOR"]
[SourceTitle "playchess.com"]
[Source "ChessBase"]
[SourceQuality "1"]

{[%evp 17,97,-4,0,-6,-7,0,-1,0,0,-17,25,26,22,18,107,37,49,12,13,8,60,18,20,0,44,37,62,28,48,0,0,-63,53,42,63,50,58,65,69,70,70,75,102,85,93,95,80,46,70,46,30,47,184,98,179,202,588,560,626,338,377,266,266,262,225,226,332,324,404,432,474,462,458,385,467,453,464,460,462,414,535,510]} 1. f4 d5 2. Nf3 g6 3. g3 Bg7 4. Bg2 Nf6 5. O-O O-O 6. d3 c5 7. Qe1 d4 8. c3 Nc6 9. Na3 Nd5 {[%cal Rd4c3]} 10. Bd2 {A03: Bird's Opening with 1...d5} Bg4 (10... dxc3 11. bxc3 b6 12. Rc1 Bb7 13. Qf2 Qd7 14. Nc4 Rad8 15. h3 Ba6 16. Nce5 Nxe5 17. Nxe5 {1-0 (96) Chigaev,M (2496)-Malakhov,V (2702) Sochi 2015}) 11. Nc2 Qd7 12. c4 {The position is equal.} Nb6 13. Ng5 f5 $146 ({Predecessor:} 13... Bf5 14. Rc1 Rfe8 15. b4 Na4 16. Qf2 Rad8 17. a3 h6 {1-0 (37) Beim,V (2480)-Peek,M (2345) Groningen 1991}) 14. b4 h6 15. Nf3 Qc7 (15... Bxf3 $11 16. Bxf3 (16. exf3 Na4 $11) 16... cxb4) 16. Qf2 (16. b5 $16 Nd8 17. Ne5) 16... Na4 $14 17. h3 Bxf3 18. Bxf3 e5 (18... Nxb4 $11 19. Nxb4 cxb4) 19. b5 Nd8 {[%cal Bc6d8,Bd8f7,Bf7d6][%mdl 32]} 20. Rae1 $36 {[%mdl 2048] White has some pressure.} Nf7 21. Qg2 Rad8 22. Kh1 Kh7 23. Bd5 Nd6 24. e4 (24. fxe5 $11 Bxe5 25. e3) 24... Nb6 (24... fxe4 $15 25. Bxe4 Nc3 26. Bxc3 dxc3 27. fxe5 Rxf1+ 28. Qxf1 Rf8) 25. exf5 $1 Nxf5 26. Be4 Nd6 27. Bf3 Rde8 28. h4 exf4 29. Bxf4 Nd7 30. Rxe8 Rxe8 31. Bxb7 {Strongly threatening Qc6.} Be5 32. Bc6 Bxf4 33. Rxf4 Re7 34. h5 g5 ({Better is} 34... Kg7 $14) 35. Rf2 (35. Rf1 $18) 35... Ne5 {[#]} (35... Kg7 $16 {might work better.}) 36. Qd5 $1 $18 Nxc6 $2 (36... Ng4 {is a better chance.} 37. Rf8 Rf7 38. Rxf7+ (38. Qxc5 Qe7 $11) 38... Qxf7 39. Qxf7+ Nxf7) 37. bxc6 Nf7 38. Kg2 Ne5 39. Qxc5 Qxc6+ 40. Qxc6 Nxc6 {[%mdl 4096] Endgame KRN-KRN} 41. Rf6 Ne5 (41... g4 $142 42. Rxc6 Re2+ 43. Kf1 Rxc2) 42. Nxd4 Nxd3 43. Nf5 $1 {[%csl LRe7,LRh6][%mdl 64] [#] Double Attack} Re2+ 44. Kf3 Rxa2 45. Rxh6+ Kg8 46. Ke4 Nf2+ 47. Kd4 a5 48. Ra6 Ng4 49. c5 {Accuracy: White = 60%, Black = 34%.} 1-0

[Event "Fagernes GM-A 2019"]
[Site "Fagernes"]
[Date "2019.04.17"]
[Round "5.9"]
[White "Notkevich, Benjamin Arvola"]
[Black "Abdrlauf, Elham"]
[Result "1-0"]
[WhiteElo "2495"]
[BlackElo "2123"]
[PlyCount "69"]
[EventDate "2019.04.14"]
[EventType "tourn"]
[EventCountry "NOR"]

{[%evp 12,69,38,8,27,18,32,18,25,31,50,34,62,61,73,71,139,129,145,113,115,127,123,109,115,110,147,135,139,140,131,145,247,251,275,193,186,169,152,160,166,147,230,209,196,192,434,422,1084,1008,618,613,29973,29974,29984,29985,29985,29986,29986,6427]} 1. d4 g6 2. c4 Bg7 3. e4 d6 4. Nc3 e5 5. Nge2 Nc6 6. Be3 f5 7. dxe5 Nxe5 {A42: Modern Defence: Averbakh Variation} 8. exf5 Bxf5 9. Nd4 Bd7 {The position is equal.} (9... Ne7 10. Be2 O-O 11. O-O Qd7 12. Nd5 c6 13. Nxe7+ Qxe7 14. Nxf5 gxf5 15. Qd2 {0-1 (40) Kazhgaleyev,M (2587)-Nepomniachtchi,I (2763) St Petersburg 2018}) 10. Be2 Nh6 $146 ({Predecessor:} 10... Nf6 11. h3 O-O 12. O-O Nc6 13. Qd2 Re8 14. Rad1 a6 15. Rfe1 {1-0 (37) Berg,K (2371)-Bakr,J (2342) Odense 2014}) 11. Qd2 Nhf7 12. O-O $36 {[%mdl 2048] Black is under pressure.} O-O 13. h3 Qh4 ({Black should play} 13... c5) 14. f4 $16 Nc6 15. Nf3 Qd8 16. Rfe1 Ne7 17. Bd4 Bxd4+ 18. Nxd4 Nf5 19. Bf3 {[#] And now Nxf5 would win.} c6 20. Ne4 N7h6 21. Nxf5 Bxf5 (21... Nxf5 $16 22. Rad1 (22. Nxd6 Nxd6 23. Qxd6 Rf7 $16) 22... Qh4) 22. Nxd6 $18 Qf6 23. Rad1 {Black must now prevent g4.} ({Don't do} 23. Nxb7 $6 Rab8 $18) 23... Rad8 24. c5 {g4 is the strong threat.} Nf7 25. Qd4 Nxd6 26. cxd6 Rd7 (26... Qxd4+ $16 27. Rxd4 Rfe8) 27. Qc4+ Qf7 28. Qc5 Qxa2 $2 (28... Qf6 29. b3 a6 30. Qc4+ Qf7) 29. Re7 Rxe7 (29... Qb3 $142 30. Be2 (30. Qxa7 Rxe7 31. dxe7 Re8 $16) 30... Qb6 31. Qxb6 axb6 32. Bc4+ Kh8) 30. dxe7 {[%csl Gc5][%cal Re7f8]} Re8 {[#]} 31. Rd8 $1 {[%mdl 512]} Qf7 32. Be2 {White mates.} Be6 33. Qd6 Bd5 34. Bg4 Kg7 35. Rxe8 {Accuracy: White = 79%, Black = 44%.} 1-0

[Event "Fagernes GM-A 2019"]
[Site "Fagernes"]
[Date "2019.04.17"]
[Round "5.10"]
[White "Santarius, Erik"]
[Black "Machlik, Monika"]
[Result "1-0"]
[WhiteElo "2411"]
[BlackElo "2059"]
[Annotator "TA"]
[PlyCount "57"]
[EventDate "2019.04.14"]
[EventType "tourn"]
[EventCountry "NOR"]
[SourceTitle "playchess.com"]
[Source "ChessBase"]
[SourceQuality "1"]

{[%evp 9,56,-12,0,0,0,0,18,-50,-44,-74,-50,-68,-73,-82,60,29,172,174,250,135,135,143,149,140,254,241,841,813,713,661,1731,1697,1541,1360,1345,935,930,910,903,830,1308,1312,29986,29987,29991,29992,29998,29999,29999]} 1. d4 Nf6 2. Nf3 e6 3. Bg5 h6 4. Bh4 c5 5. Nc3 d5 6. Bxf6 {A46: 1 d4 Nf6 2 Nf3 e6: Torre, London and Colle Systems} Qxf6 7. e4 cxd4 8. Nxd4 $146 (8. Qxd4 $11 Qxd4 9. Nxd4) ({Predecessor:} 8. Qxd4 Qxd4 9. Nxd4 dxe4 10. Ndb5 Na6 11. Nxe4 Bd7 12. O-O-O Bc6 {½-½ (55) Steel,H (2414)-Yu,Y (2750) Fufeng 2017}) 8... Bc5 $15 9. Nf3 dxe4 10. Nxe4 Qxb2 11. Rb1 Qa3 ({Black should play} 11... Bb4+ $17 12. Nfd2 Qd4) 12. Nfd2 Bb4 {[#]} (12... Bd7 $1 $11 {and Black has nothing to worry.}) 13. c3 $1 $36 {[%cal Rc3b4][%mdl 2560] White is really pushing.} Ba5 {[#]} (13... Bxc3 $142 14. Rb3 {[%mdl 64] Double Attack} Qe7) 14. Nc4 ({White has to play} 14. Bb5+ $1 $18 Nd7 15. O-O) 14... Bxc3+ $16 {[#]} 15. Ke2 $1 Qxa2+ 16. Kf3 Bd4 (16... O-O $16 {was necessary.} 17. Nxc3 Qa6) 17. Qxd4 $18 Qxb1 $2 (17... O-O 18. Qd1 Qa6) 18. Qxg7 Qb3+ 19. Kf4 Rf8 {White should prevent ...Nd7.} 20. Ncd6+ {[%mdl 64] Double Attack} Ke7 21. Qf6+ Kd7 22. Nc5+ {[%mdl 64] Double Attack} Kxd6 23. Nxb3 {aiming for Bb5.} Nd7 24. Qxh6 Rg8 25. Bb5 Nb6 26. Rd1+ {White mates.} Nd5+ {[#]} 27. Rxd5+ $1 Kxd5 28. Qh5+ {[%mdl 64] Double Attack} f5 29. Qd1# {Accuracy: White = 59%, Black = 18%.} 1-0

[Event "Fagernes GM-A 2019"]
[Site "Fagernes"]
[Date "2019.04.17"]
[Round "5.11"]
[White "Ingebretsen, Jens E"]
[Black "Gullaksen, Eirik"]
[Result "0-1"]
[WhiteElo "2300"]
[BlackElo "2324"]
[Annotator "TA"]
[PlyCount "120"]
[EventDate "2019.04.14"]
[EventType "tourn"]
[EventCountry "NOR"]
[SourceTitle "playchess.com"]
[Source "ChessBase"]
[SourceQuality "1"]

{[%evp 11,120,11,16,16,10,10,18,10,15,14,21,19,4,11,13,1,12,-13,-12,-16,-14,-15,-7,-19,-15,-44,-12,-41,-43,-99,-99,-150,-152,-168,-154,-166,-177,-165,-160,-161,-158,-161,-146,-329,-318,-310,-358,-270,-294,-358,-358,-358,-358,-358,-358,-358,-358,-358,-356,-396,-389,-418,-366,-465,-462,-448,-432,-566,-552,-705,-704,-700,-680,-719,-713,-991,-929,-753,-311,-292,-286,-658,-622,-585,-537,-600,-589,-558,-441,-744,-668,-1158,-1120,-861,-662,-718,-705,-1714,-612,-1152,-1116,-1779,-1841,-1443,-1229,-29981,-29980,-29984,-29985,-29984,-29976]} 1. c4 g6 2. Nc3 Bg7 3. g3 e5 4. Bg2 Nc6 5. Rb1 d6 6. b4 a6 7. d3 {A25: English Opening vs King's Indian with ...Nc6 but without early d3} Nge7 8. e3 O-O 9. Nge2 {The position is equal.} Bd7 $146 ({Predecessor:} 9... Be6 10. Nd5 Qd7 11. O-O f5 12. a4 Bf7 13. b5 axb5 14. axb5 {½-½ (34) Izoria,Z (2599)-Li,R (2576) chess.com INT 2018}) 10. a4 Qc8 11. b5 axb5 12. axb5 Nb8 {[%cal Bc6b8,Bb8d7,Bd7b6][%mdl 32]} 13. O-O Bh3 14. Nd5 Nxd5 15. cxd5 Bxg2 16. Kxg2 Nd7 17. Bb2 Nb6 18. Qb3 Qd7 (18... Qg4 $5 {[%cal Rg4e2]} 19. f3 Qa4 20. Qxa4 Nxa4 $15) 19. Rfc1 f5 20. f4 (20. Rf1 $15) 20... Qf7 $1 $17 21. e4 {[#]} (21. Kg1 $142) 21... g5 $1 {[%mdl 512]} 22. Kh1 (22. fxg5 fxe4) 22... Qh5 23. Ng1 gxf4 24. gxf4 fxe4 25. Rxc7 Rxf4 {( -> ...Rf2)} 26. dxe4 Qg6 $40 {[%mdl 128] Black has strong attack.} (26... Rf2 27. Rxg7+ $1 {[%mdl 512]} (27. Qg3 Rf7 $11) 27... Kxg7 28. Qg3+ Qg6 29. Qxf2 $14) 27. Qe3 $2 (27. Re1 $17) 27... Raf8 $19 ({Weaker is} 27... Qxe4+ 28. Qxe4 Rxe4 29. Rxb7 $15) (27... Nxd5 28. exd5 Qxb1 29. Rxg7+ $1 {[%mdl 512]} Kxg7 30. Qxf4 $17) 28. Nh3 Rf1+ ({Not} 28... Qxe4+ $2 29. Qxe4 Rxe4 30. Rg1 $1 $18 {[%mdl 512]}) ({Worse is} 28... Rf3 29. Qe2 $11) 29. Rxf1 Rxf1+ 30. Ng1 {If White can now play Ba3 this consolidates a bit.} Bh6 31. Qg3 {[#]} Qxg3 $1 32. hxg3 {intending Kg2.} Be3 33. Ba3 Rxg1+ 34. Kh2 Bd4 35. Bxd6 Re1 36. Ba3 Re3 37. Be7 Rxe4 38. d6 Kf7 39. Rxb7 Ke6 40. Rb8 Re2+ 41. Kh3 e4 42. Re8 Nd5 43. Bf8+ Kd7 44. Rb8 Nb6 (44... Rf2 $142 45. Rb7+ Ke6) 45. Rb7+ Ke8 46. Rb8+ $2 {[#]} (46. Bg7 Bxg7 47. Rxg7) 46... Kf7 $1 47. Bh6 Nd7 48. Rd8 Ke6 49. Bf4 Nf6 50. Rb8 (50. g4 $142) 50... Rb2 51. Rb7 Nd7 52. Rc7 Rxb5 53. Rc8 Nf6 54. Rc7 Rh5+ 55. Kg2 Nd5 56. d7 Nxf4+ 57. gxf4 Rd5 58. d8=Q Rxd8 {Black mates.} 59. Rxh7 Rg8+ 60. Kf1 Rg4 {Accuracy: White = 34%, Black = 86%.} 0-1